000 00505nam a22001817a 4500
005 20251108164913.0
008 250721s1970 xx 000 0 ara d
082 1 4 _a212/محم
100 1 _aالمراغي، محمد مصطفى
245 1 0 _aحديث رمضان /
264 1 _aالقاهره :
_bدار الهلال،
_c1970.
300 _a216ص
650 1 7 _aالقرآن الكريم
650 1 7 _aتفسير القرآن
650 1 7 _aسور القرآن
942 _2ddc
_cBK
999 _c17093
_d17093